000 00401nam a2200169Ia 4500
001 2920
003 IN-NITTTR
005 20251114232938.0
008 251113s9999||||xx |||||||||||||| ||eng||
040 _beng
040 _cIN-NITTTR
041 _aeng
082 _a539 HIL T
100 _aHill, J. F.
245 0 _aText book of reactor physics :
_b an introduction. /
_cHill, J. F.
942 _2ddc
_cBK
999 _c4690
_d4690